[Event "AUTO-MASTER-200"]
[Site "http://www.queenalice.com/game.php?id=91452"]
[Date "2006.8.1"]
[Round "1"]
[White "Fodasevic"]
[Black "Miguelname"]
[Result "0-1"]
[WhiteElo "1950"]
[BlackElo "2143"]

1. Nf3 Nf6 2. c4 b6 3. g3 Bb7 4. Bg2 e5 5. O-O e4 6. Nd4 Nc6 7. Nc2 d5 8. cxd5
Qxd5 9. Nc3 Qe6 10. Nb5 O-O-O 11. a4 Bc5 12. b4 Nxb4 13. Nxa7+ Kb8 14. Nb5 h5
15. a5 h4 16. a6 Nxa6 17. Ne3 hxg3 18. hxg3 Bxe3 19. fxe3 Qe5 20. Nd4 Qxg3 21.
Rf4 Rh2 0-1

[Event "AUTO-MASTER-200"]
[Site "http://www.queenalice.com/game.php?id=91467"]
[Date "2006.8.1"]
[Round "1"]
[White "Fodasevic"]
[Black "McKnights"]
[Result "0-1"]
[WhiteElo "1949"]
[BlackElo "1889"]

1. Nf3 d5 2. c4 Nf6 3. cxd5 Nxd5 4. d4 Nc6 5. e4 Nb6 6. d5 Nb8 7. Qc2 Bg4 8. Ne5
Bd7 9. Nc3 e6 10. Nxd7 Qxd7 11. dxe6 Qxe6 12. Be3 Nc6 13. a3 Bd6 14. Bb5 Be5 15.
O-O O-O 16. Ne2 Rfd8 17. Rfd1 Bxh2+ 18. Kxh2 Qe5+ 19. Bf4 Qxb5 20. Bxc7 Rdc8 21.
Bxb6 Qxb6 22. Rac1 Qxf2 23. Rd7 h6 24. Rxb7 Ne5 25. Qb3 Rxc1 26. Nxc1 Ng4+ 27.
Kh3 Ne3 28. Rb8+ Rxb8 29. Qxb8+ Kh7 30. Qg3 Qd2 31. Nb3 Qd7+ 32. Kh2 Nf1+ 0-1

[Event "AUTO-MASTER-200"]
[Site "http://www.queenalice.com/game.php?id=91468"]
[Date "2006.8.1"]
[Round "1"]
[White "McKnights"]
[Black "Fodasevic"]
[Result "0-1"]
[WhiteElo "1838"]
[BlackElo "1870"]

1. e4 c5 2. Nf3 d6 3. d4 cxd4 4. Nxd4 Nf6 5. Nc3 g6 6. Be3 Bg7 7. Bc4 O-O 8. O-O
Ng4 9. Nce2 Nxe3 10. fxe3 Nc6 11. c3 Ne5 12. Bb3 Qb6 13. Ng3 a5 14. a4 Ng4 15.
Re1 e5 16. Nb5 Rd8 17. Qf3 Nf6 18. Rad1 Bg4 19. Qf2 Bxd1 20. Rxd1 Ng4 21. Qxf7+
Kh8 22. Nf1 Nxe3 23. Nxe3 Qxe3+ 24. Kh1 Qxe4 25. h3 d5 26. Qxb7 Rab8 27. Qc7
Rbc8 28. Qxa5 Qe2 29. Qb4 Rf8 30. Rg1 Rf1 31. Bxd5 Rcf8 32. Qe4 Qd1 33. Rxf1
Rxf1+ 34. Kh2 Rf4 35. Qe3 Qxd5 36. b4 g5 37. Nc7 Qf7 38. Qb6 g4 39. Nb5 gxh3 40.
Nd6 Qh5 41. g3 Qe2+ 42. Kxh3 Qf1+ 0-1

[Event "AUTO-MASTER-200"]
[Site "http://www.queenalice.com/game.php?id=91469"]
[Date "2006.8.1"]
[Round "1"]
[White "Fodasevic"]
[Black "Theboss"]
[Result "1-0"]
[WhiteElo "1936"]
[BlackElo "2069"]

1. Nf3 d5 2. c4 c6 3. d4 Nf6 4. Nc3 dxc4 5. a4 Bf5 6. Ne5 Nbd7 7. Nxc4 e6 8. f3
Bb4 9. Qb3 a5 10. Bg5 O-O 11. e4 h6 12. Bxf6 Qxf6 13. exf5 b5 14. axb5 cxb5 15.
Nd2 Qxd4 16. fxe6 Qe3+ 17. Be2 Ne5 18. exf7+ Kh8 19. Qc2 Rac8 20. Qe4 Qc5 21.
Rc1 Rxf7 22. Nb3 Nxf3+ 23. Qxf3 Qf8 24. Qg3 Re8 25. Rc2 Bd6 26. Qh3 a4 27. Nd4
a3 28. bxa3 b4 29. axb4 Bxb4 30. g4 Qc5 31. Nf5 Ra7 32. Kf1 Bxc3 33. Qxc3 Qxc3
34. Rxc3 Ra1+ 35. Kg2 Rxe2+ 36. Kf3 Rxh1 37. Rc8+ Kh7 38. Kxe2 Rxh2+ 39. Kf3
Rh3+ 40. Kf4 g6 41. Rc7+ Kh8 42. Ne7 Kg7 43. Ke5 Re3+ 44. Kf4 Re1 45. Nf5+ Kf6
46. Rc6+ Kf7 47. Nxh6+ Kg7 48. g5 Rf1+ 49. Ke5 Rg1 50. Rc7+ Kh8 51. Rc8+ Kh7 52.
Rc7+ Kh8 53. Kf6 Rf1+ 54. Kxg6 Rf6+ 55. Kh5 Rf8 56. g6 1-0

[Event "AUTO-MASTER-200"]
[Site "http://www.queenalice.com/game.php?id=91470"]
[Date "2006.8.1"]
[Round "1"]
[White "Theboss"]
[Black "Fodasevic"]
[Result "1-0"]
[WhiteElo "2087"]
[BlackElo "1931"]

1. e4 c5 2. Nf3 d6 3. d4 cxd4 4. Nxd4 Nf6 5. Nc3 g6 6. Be3 Bg7 7. f3 Nc6 8. Qd2
O-O 9. O-O-O Bd7 10. g4 Qa5 11. Bc4 Rfc8 12. Bb3 Ne5 13. h4 Nc4 14. Bxc4 Rxc4
15. h5 Rac8 16. Nb3 Qa6 17. e5 Ne8 18. hxg6 hxg6 19. Qh2 f6 20. Qh7+ Kf7 21. Rh6
g5 22. Rdh1 dxe5 23. Qg6+ Ke6 24. Qf5+ Kd6 25. Qd3+ Kc7 26. Nc5 Rxc5 27. Qxa6
bxa6 28. Bxc5 Bxh6 29. Rxh6 Kd8 30. Bxa7 Bc6 31. Rh3 Nd6 32. b3 Nb5 33. Bb6+ Kd7
34. Ne2 e4 35. fxe4 Bxe4 36. c3 Rc6 37. Ba5 e5 38. c4 Ke6 39. a4 Nd4 40. Nxd4+
exd4 41. Kd2 Ke5 42. Bd8 Rc8 43. Rh8 Rc6 44. Re8+ Re6 45. Bc7# 1-0

[Event "AUTO-OPEN-315"]
[Site "http://www.queenalice.com/game.php?id=108504"]
[Date "2006.9.21"]
[Round "2"]
[White "NextFuture"]
[Black "Fodasevic"]
[Result "1-0"]
[WhiteElo "1967"]
[BlackElo "1951"]

1. e4 c5 2. Nf3 d6 3. Nc3 Nf6 4. Bb5+ Bd7 5. Bxd7+ Nfxd7 6. O-O Nc6 7. d4 cxd4
8. Nxd4 Nde5 9. Kh1 Qb6 10. Nf5 g6 11. Nd5 Qd8 12. f4 Nc4 13. Ng3 Bg7 14. c3 O-O
15. Qe2 Nb6 16. Be3 Nd7 17. Rad1 e6 18. Nb4 Qc7 19. Nxc6 bxc6 20. Rd2 Rfd8 21.
Rfd1 Nb6 22. Bd4 Bh6 23. Qg4 e5 24. Bxb6 axb6 25. Nf5 Bxf4 26. Rd3 h5 27. Qh4
gxf5 28. Qxh5 fxe4 29. Rh3 Kf8 30. Rf1 Rxa2 31. g3 Be3 32. Qf5 d5 33. Rh8+ Ke7
34. Qxf7+ Kd6 35. Qf6+ Kc5 36. Rxd8 Rxb2 37. Qf8+ Kc4 38. Rf7 Bh6 39. Qe8 Qxd8
40. Qxd8 e3 41. Qh4+ Kd3 42. Qxh6 e2 43. Qc1 Rd2 44. Rf3+ 1-0

[Event "AUTO-OPEN-315"]
[Site "http://www.queenalice.com/game.php?id=108505"]
[Date "2006.9.21"]
[Round "2"]
[White "Fodasevic"]
[Black "NextFuture"]
[Result "1-0"]
[WhiteElo "1933"]
[BlackElo "1981"]

1. Nf3 Nf6 2. c4 g6 3. Nc3 d5 4. d4 Bg7 5. Qb3 c6 6. cxd5 cxd5 7. Bf4 Nc6 8. Ne5
O-O 9. e3 Nh5 10. Rd1 Nxf4 11. exf4 e6 12. Bb5 Bd7 13. Na4 Nxe5 14. fxe5 Bxb5
15. Qxb5 b6 16. O-O Rc8 17. Rc1 Qg5 18. f4 Qg4 19. g3 Rxc1 20. Rxc1 h5 21. Kf2
Qh3 22. Kg1 h4 23. Rc3 hxg3 24. hxg3 Qg4 25. Qa6 g5 26. Qd3 gxf4 27. Qf3 f5 28.
Qxg4 fxg4 29. Rc6 f3 30. Rxe6 Rc8 31. Nc3 Rc4 32. Rg6 Rxd4 33. e6 Rc4 34. e7 Rc8
35. Nxd5 Kf7 36. Rxg4 Bxb2 37. Rf4+ Ke6 38. e8=Q+ Rxe8 39. Nc7+ 1-0

[Event "AUTO-OPEN-327"]
[Site "http://www.queenalice.com/game.php?id=125349"]
[Date "2006.11.4"]
[Round "2"]
[White "Fodasevic"]
[Black "Sherlock6834"]
[Result "1/2-1/2"]
[WhiteElo "1914"]
[BlackElo "1862"]

1. Nf3 d5 2. c4 dxc4 3. e4 Nc6 4. Bxc4 e6 5. d4 Nf6 6. Nc3 Bb4 7. e5 Ne4 8. Qc2
Nxc3 9. bxc3 Nxd4 10. Nxd4 Qxd4 11. Qa4+ Bd7 12. Qxb4 Qxe5+ 13. Be3 c5 14. Qb2
O-O 15. O-O Bc6 16. Rfe1 Qf5 17. f3 b6 18. Bb5 Bd5 19. c4 Bb7 20. Bf2 Rfd8 21.
Ba4 Rd6 22. Bc2 Qh5 23. Bg3 Rd2 24. Bxh7+ Qxh7 25. Qxd2 Ba6 26. Rad1 Qg6 27. Re4
f5 28. Rh4 Qf6 29. Qd6 Rf8 30. Be5 Qxh4 31. Qxe6+ Kh7 32. f4 Qh5 33. Rd7 Rg8 34.
Qf6 Qd1+ 35. Rxd1 gxf6 36. Bxf6 Rf8 37. Rd7+ Kg6 38. Be5 Rf7 39. Rd8 Bxc4 40. a3
Re7 41. Kf2 Be6 42. Kf3 Rd7 43. Rxd7 Bxd7 44. Bb8 1/2-1/2

[Event "AUTO-OPEN-327"]
[Site "http://www.queenalice.com/game.php?id=125350"]
[Date "2006.11.4"]
[Round "2"]
[White "Sherlock6834"]
[Black "Fodasevic"]
[Result "0-1"]
[WhiteElo "1876"]
[BlackElo "1936"]

1. e4 c5 2. d4 cxd4 3. c3 dxc3 4. Nxc3 Nc6 5. Nf3 d6 6. Bc4 e6 7. O-O Be7 8. Qe2
a6 9. Rd1 b5 10. Bb3 Qc7 11. Bf4 b4 12. Na4 Nf6 13. Rac1 Bb7 14. e5 Nh5 15. Be3
dxe5 16. Bb6 Nf4 17. Qe1 Qb8 18. Nc5 Bc8 19. Na4 Bb7 20. Qd2 O-O 21. Qd7 Ne2+
22. Kh1 Nxc1 23. Rxc1 Bf6 24. Rxc6 Bxc6 25. Qxc6 Qc8 26. Qe4 Qc1+ 27. Ng1 Rac8
28. Qxb4 Qxg1+ 0-1

[Event "AUTO-OPEN-327"]
[Site "http://www.queenalice.com/game.php?id=125351"]
[Date "2006.11.4"]
[Round "2"]
[White "Fodasevic"]
[Black "Capivarao"]
[Result "1-0"]
[WhiteElo "1921"]
[BlackElo "1905"]

1. Nf3 Nc6 2. d4 d5 3. c4 e6 4. Nc3 Be7 5. Bf4 a6 6. e3 Nf6 7. Bd3 O-O 8. O-O h6
9. Ne5 Nxe5 10. dxe5 Ne8 11. Qc2 d4 12. Rfd1 c5 13. a3 Qb6 14. exd4 cxd4 15. Ne2
g5 16. Bg3 Bd7 17. b4 Ng7 18. c5 Qd8 19. Nxd4 Qc7 20. Rac1 h5 21. h3 Qc8 22. f4
f5 23. exf6 Bxf6 24. Nf3 h4 25. fxg5 Be7 26. Bh7+ Kh8 27. Be5 Rxf3 28. Bxg7+
Kxg7 29. gxf3 Bc6 30. Be4 Bxg5 31. Qg2 Kh6 32. f4 Bxe4 33. fxg5+ Kg6 34. Qxe4+
Kg7 35. Rf1 1-0

[Event "AUTO-OPEN-327"]
[Site "http://www.queenalice.com/game.php?id=125352"]
[Date "2006.11.4"]
[Round "2"]
[White "Capivarao"]
[Black "Fodasevic"]
[Result "0-1"]
[WhiteElo "1545"]
[BlackElo "1957"]

1. e4 c5 2. Nf3 d6 3. Be2 Nc6 4. O-O Nf6 5. Nc3 g6 6. d4 cxd4 7. Nxd4 Bg7 8.
Nxc6 bxc6 9. Bd3 O-O 10. f4 Qb6+ 11. Kh1 Ng4 12. h3 Nf2+ 13. Rxf2 Qxf2 14. Bd2
Rb8 15. Rb1 Qh4 16. Qf3 f5 17. Be1 Qf6 18. Bd2 e5 19. exf5 Bxf5 20. fxe5 dxe5
21. Bxf5 gxf5 22. b3 Rbd8 23. Be1 e4 24. Qf1 Qe5 25. Ne2 Qc5 26. c4 Rd3 27. Nf4
Rd7 28. Ne6 Qe7 29. Nxf8 Qxf8 30. Qf4 c5 31. Bf2 Bd4 32. Bh4 Kh8 33. Bg5 Qd6 0-1

[Event "AUTO-OPEN-315"]
[Site "http://www.queenalice.com/game.php?id=130978"]
[Date "2006.11.18"]
[Round "3"]
[White "NextFuture"]
[Black "Fodasevic"]
[Result "1-0"]
[WhiteElo "2074"]
[BlackElo "1950"]

1. b4 d5 2. Bb2 Bf5 3. Nf3 Nf6 4. e3 e6 5. a3 c5 6. b5 Bd6 7. Be2 Qc7 8. Nh4
Bxh2 9. Nxf5 exf5 10. Bxf6 gxf6 11. Nc3 Be5 12. Bf3 d4 13. exd4 Bxd4 14. O-O Nd7
15. Nd5 Qd6 16. c3 Be5 17. d4 Bh2+ 18. Kh1 O-O-O 19. Qc2 Rhg8 20. dxc5 Nxc5 21.
Qxf5+ Ne6 22. Rad1 Rg6 23. Ne3 Qe5 24. Rxd8+ Kxd8 25. Qd3+ Ke8 26. Ng4 Bf4 27.
Qxg6 Qxb5 28. Qb1 Qh5+ 29. Kg1 Kf8 30. Qb4+ Kg7 31. g3 Ng5 32. Bd1 Nh3+ 33. Kg2
Bxg3 34. fxg3 1-0

[Event "AUTO-OPEN-315"]
[Site "http://www.queenalice.com/game.php?id=130979"]
[Date "2006.11.18"]
[Round "3"]
[White "Fodasevic"]
[Black "NextFuture"]
[Result "0-1"]
[WhiteElo "1924"]
[BlackElo "2084"]

1. d4 Nf6 2. c4 e6 3. Nf3 Be7 4. Nc3 d5 5. cxd5 exd5 6. Bg5 c6 7. e3 Qb6 8. Qc2
Bf5 9. Bd3 Bxd3 10. Qxd3 Na6 11. O-O O-O 12. a3 Rfe8 13. Nd2 Rad8 14. b4 Nc7 15.
Na4 Qb5 16. Qc2 Ne6 17. Bxf6 Bxf6 18. Nc5 b6 19. a4 Qe2 20. Rfe1 Qh5 21. Nb7 Rb8
22. Nd6 Red8 23. Qxc6 Be7 24. Nb5 Bxb4 25. Red1 Rdc8 26. Qd7 a6 27. Na7 Rc7 28.
Qxc7 Nxc7 29. Nc6 Bc3 30. Nxb8 Bxa1 31. Rxa1 Qe2 32. Nf3 Qb2 33. Re1 b5 34. axb5
Qxb5 35. Nxa6 Nxa6 36. e4 h6 37. e5 Nb4 38. e6 fxe6 39. Rxe6 Nd3 40. Kf1 Nf4+
0-1

[Event "AUTO-OPEN-315"]
[Site "http://www.queenalice.com/game.php?id=130982"]
[Date "2006.11.18"]
[Round "3"]
[White "Fodasevic"]
[Black "Ernani"]
[Result "0-1"]
[WhiteElo "1939"]
[BlackElo "1957"]

1. d4 d5 2. Nf3 Nc6 3. c4 Nf6 4. Nc3 e6 5. Bg5 Be7 6. e3 h6 7. Bh4 g5 8. Bg3 Nh5
9. Be5 f6 10. Qc2 Kf7 11. cxd5 Nb4 12. dxe6+ Bxe6 13. Qb1 fxe5 14. Nxe5+ Kg8 15.
Qg6+ Ng7 16. O-O-O Nxa2+ 17. Nxa2 Bxa2 18. d5 Qe8 19. Qe4 Bd6 20. Ng4 Qxe4 21.
Nf6+ Kf7 22. Nxe4 a6 23. Kc2 Be5 24. Nc3 Bxc3 25. Kxc3 a5 26. e4 a4 27. Be2 Rhe8
28. Rd4 Bb3 29. h4 Re5 30. g3 Rae8 31. Bb5 c6 32. f4 Rxe4 33. dxc6 bxc6 34. Bxc6
Re3+ 35. Kb4 Rb8+ 36. Kc5 Ne6+ 0-1

[Event "AUTO-OPEN-315"]
[Site "http://www.queenalice.com/game.php?id=130983"]
[Date "2006.11.18"]
[Round "3"]
[White "Ernani"]
[Black "Fodasevic"]
[Result "0-1"]
[WhiteElo "1975"]
[BlackElo "1912"]

1. e4 c5 2. Nf3 d6 3. Bb5+ Bd7 4. Qe2 a6 5. Bxd7+ Qxd7 6. Nc3 Nc6 7. O-O e5 8.
Nd5 Qd8 9. d3 h6 10. c4 Be7 11. a3 Nf6 12. Rb1 O-O 13. b4 Nd4 14. Nxd4 cxd4 15.
Nxf6+ Bxf6 16. f4 Rc8 17. Qc2 d5 18. exd5 Qxd5 19. cxd5 Rxc2 20. d6 Rd8 21. Re1
Rxd6 22. fxe5 Re6 23. Bf4 Bg5 24. Bxg5 hxg5 25. Rbc1 Rxe5 26. Rxc2 Rxe1+ 27. Kf2
Re3 28. Rc7 Rxd3 29. Rxb7 Rxa3 30. Rd7 d3 31. Ke3 Rb3 32. Rxd3 Rxd3+ 33. Kxd3 f5
34. Ke3 Kf7 35. g3 Ke6 36. Kd4 Kd6 37. h3 g6 38. Ke3 Ke5 39. Kd3 Kd5 40. h4 f4
41. hxg5 fxg3 42. Ke2 Kc4 43. Kf3 Kxb4 44. Kxg3 a5 45. Kf4 a4 46. Ke5 a3 47. Kf6
a2 48. Kxg6 a1=Q 49. Kh6 Qh8+ 50. Kg6 Kc5 51. Kf7 Qh5+ 52. g6 Kd6 53. Kf6 Qf3+
54. Kg7 Ke7 55. Kg8 Qf8+ 56. Kh7 Kf6 0-1

[Event "AUTO-OPEN-327"]
[Site "http://www.queenalice.com/game.php?id=164438"]
[Date "2007.2.6"]
[Round "3"]
[White "Fodasevic"]
[Black "mds"]
[Result "0-1"]
[WhiteElo "1958"]
[BlackElo "2356"]

1. Nf3 Nf6 2. c4 g6 3. Nc3 Bg7 4. g3 O-O 5. Bg2 d5 6. cxd5 Nxd5 7. O-O c5 8. Qb3
Nb6 9. d3 Na6 10. Be3 Be6 11. Qc2 Nb4 12. Qc1 N6d5 13. Bxc5 Nxc3 14. bxc3 Nxa2
15. Qa3 Nxc3 16. Bxe7 Nxe2+ 17. Kh1 Qd7 18. Bxf8 Bxa1 19. Qxa1 Rxf8 20. Qxa7 b5
21. Qxd7 Bxd7 22. Ne5 Be6 23. Re1 Nd4 24. Nc6 Nxc6 25. Bxc6 b4 26. Rb1 Rb8 27.
d4 Kf8 28. d5 Bf5 29. Re1 b3 30. d6 b2 31. d7 b1=Q 0-1

[Event "AUTO-OPEN-327"]
[Site "http://www.queenalice.com/game.php?id=164439"]
[Date "2007.2.6"]
[Round "3"]
[White "mds"]
[Black "Fodasevic"]
[Result "0-1"]
[WhiteElo "2355"]
[BlackElo "1956"]

1. e4 c5 2. Nf3 d6 3. d4 cxd4 4. Nxd4 Nf6 5. Nc3 g6 6. Bc4 Bg7 7. O-O Nc6 8.
Nxc6 bxc6 9. e5 dxe5 10. Qf3 Qc7 11. Bg5 O-O 12. Rfe1 h6 13. Bh4 Rb8 14. Bg3 Nh5
15. Bh4 Kh7 16. Rad1 f5 17. Bb3 Nf6 18. Bxf6 Bxf6 19. g3 g5 20. Qh5 e6 21. Qe2
g4 22. Na4 e4 23. Qc4 Re8 24. c3 h5 25. Nc5 h4 26. Nxe4 fxe4 27. Qxe4+ Kh8 28.
Qxg4 e5 29. Qh5+ Kg7 30. Qxe8 Bg4 31. Rd7+ Qxd7 32. Qxb8 hxg3 0-1

[Event "AUTO-MASTER-273"]
[Site "http://www.queenalice.com/game.php?id=172850"]
[Date "2007.2.23"]
[Round "1"]
[White "Tecodamara"]
[Black "Fodasevic"]
[Result "1-0"]
[WhiteElo "2126"]
[BlackElo "1972"]

1. d4 Nf6 2. Nf3 d5 3. e3 Bf5 4. c4 c6 5. Nc3 e6 6. Bd3 Bxd3 7. Qxd3 Nbd7 8. O-O
Bd6 9. e4 dxe4 10. Nxe4 Nxe4 11. Qxe4 Nf6 12. Qe2 O-O 13. Rd1 h6 14. Ne5 Qc7 15.
Bf4 Rad8 16. Rd3 g5 17. Bg3 c5 18. Rad1 cxd4 19. Rxd4 Bxe5 20. Bxe5 Qe7 21. Bd6
Rxd6 22. Rxd6 Rc8 23. b3 Kf8 24. Qe5 b6 25. Rd7 Rc5 26. Qb8+ Qe8 27. Rd8 1-0

[Event "AUTO-MASTER-273"]
[Site "http://www.queenalice.com/game.php?id=172851"]
[Date "2007.2.23"]
[Round "1"]
[White "Fodasevic"]
[Black "Tecodamara"]
[Result "0-1"]
[WhiteElo "1957"]
[BlackElo "2161"]

1. Nf3 Nf6 2. c4 c5 3. Nc3 e6 4. g3 b6 5. Bg2 Bb7 6. O-O d6 7. a3 Nbd7 8. b4 Be7
9. d4 cxd4 10. Nxd4 Bxg2 11. Kxg2 Rc8 12. Ncb5 a6 13. Na7 Rxc4 14. Nac6 Qa8 15.
Kg1 Rxc6 16. Nxc6 Qxc6 17. Bb2 O-O 18. Rc1 Qb7 19. f3 d5 20. g4 h6 21. Qd2 Re8
22. Kg2 e5 23. h4 Nh7 24. Rh1 d4 25. Kg3 Nhf8 26. g5 hxg5 27. hxg5 Ne6 28. e4
Bxg5 29. Qg2 Bxc1 30. Bxc1 Ndf8 31. Qh2 Ng6 32. a4 b5 33. a5 Rc8 34. Qh7+ Kf8
35. Qh5 Rc2 36. Qf5 Qc6 37. Bg5 Qc3 0-1

[Event "AUTO-MASTER-273"]
[Site "http://www.queenalice.com/game.php?id=172862"]
[Date "2007.2.23"]
[Round "1"]
[White "Msid"]
[Black "Fodasevic"]
[Result "0-1"]
[WhiteElo "1889"]
[BlackElo "1959"]

1. e4 c5 2. Nf3 d6 3. d4 cxd4 4. Nxd4 Nf6 5. Nc3 g6 6. Be2 Bg7 7. Be3 Nc6 8. Qd2
Bd7 9. O-O-O O-O 10. Bh6 Nxd4 11. Bxg7 Nxe2+ 12. Qxe2 Kxg7 13. e5 dxe5 14. Qxe5
Qb8 15. Qe2 Qf4+ 16. Kb1 Be6 17. g3 Qc4 18. Qe5 Rac8 19. Rd4 Qa6 20. Ra4 Qb6 21.
h4 Rc5 22. Qe2 Qc6 23. f3 Rxc3 0-1

[Event "AUTO-MASTER-273"]
[Site "http://www.queenalice.com/game.php?id=172863"]
[Date "2007.2.23"]
[Round "1"]
[White "Fodasevic"]
[Black "Msid"]
[Result "1-0"]
[WhiteElo "1962"]
[BlackElo "1869"]

1. Nf3 Nc6 2. d4 d5 3. c4 Nf6 4. Nc3 e6 5. Bg5 dxc4 6. e4 Be7 7. Bxc4 O-O 8. O-O
Nh5 9. Be3 Na5 10. Bd3 b6 11. e5 f5 12. exf6 Nxf6 13. Ne5 Bb7 14. Qc2 Bd6 15.
Rfd1 Qe8 16. Bg5 Qh5 17. f4 Bxe5 18. fxe5 Ng4 19. h4 Nf2 20. Be2 Qe8 21. Rf1 Qc6
22. Bf3 Rxf3 23. Rxf2 Rxf2 24. Qxf2 Rf8 25. Qg3 Nc4 26. b3 Nb2 27. h5 Nd3 28.
Bf6 Rf7 29. Rd1 Qxc3 30. Rxd3 Qa1+ 31. Kh2 Qxa2 32. h6 g6 33. Qg5 Qa3 34. d5
Bxd5 35. Rxd5 exd5 36. e6 Qd6+ 37. Be5 Qxe6 38. Qd8+ Rf8 39. Qxc7 Qf7 40. Qc3
Re8 41. Bg3 Qf8 42. Qd2 b5 43. Qxd5+ Qf7 44. Qxb5 Qe6 45. Qb7 g5 46. Qg7# 1-0

[Event "AUTO-MASTER-273"]
[Site "http://www.queenalice.com/game.php?id=172868"]
[Date "2007.2.23"]
[Round "1"]
[White "mgalmeidas"]
[Black "Fodasevic"]
[Result "1-0"]
[WhiteElo "1948"]
[BlackElo "1974"]

1. Nf3 Nf6 2. Nc3 d5 3. d4 c5 4. Bg5 Qb6 5. dxc5 Qxb2 6. Bxf6 exf6 7. Nxd5 Na6
8. Qb1 Qa3 9. Qb5+ Bd7 10. Qxb7 Qa5+ 11. c3 Rb8 12. Qxa6 Qxc5 13. Rd1 Bd6 14.
Nxf6+ gxf6 15. Qxd6 Qxc3+ 16. Qd2 Qc7 17. e3 Ba4 18. Rc1 Qb6 19. Bc4 Rd8 20. Nd4
Rg8 21. f3 f5 22. O-O f4 23. Rb1 Qc5 24. Rb4 Bd7 25. exf4 Bh3 26. Qe3+ Kf8 27.
Ne6+ 1-0

[Event "AUTO-MASTER-273"]
[Site "http://www.queenalice.com/game.php?id=172869"]
[Date "2007.2.23"]
[Round "1"]
[White "Fodasevic"]
[Black "mgalmeidas"]
[Result "1-0"]
[WhiteElo "1949"]
[BlackElo "1778"]

1. Nf3 Nf6 2. c4 Nc6 3. d4 e6 4. Nc3 Bb4 5. d5 exd5 6. cxd5 Ne7 7. Qd4 Nexd5 8.
e4 Qe7 9. e5 Bc5 10. Nxd5 Nxd5 11. Qxd5 c6 12. Qd3 d6 13. e6 Bxe6 14. Be2 O-O
15. O-O Qf6 16. Bd2 Rae8 17. Bc3 Qg6 18. Qd2 Bh3 19. Nh4 Qe4 20. gxh3 Qxh4 21.
Bf3 Qxh3 22. Bg2 Qh5 23. b4 Re2 24. Qf4 Bb6 25. Bf3 Qg6+ 26. Kh1 Rxf2 27. Rg1
Rxh2+ 28. Qxh2 Bxg1 29. Rxg1 a6 30. Rxg6 fxg6 31. Bg4 Rf1+ 32. Kg2 Rc1 33. Be6+
Kh8 34. Qxd6 h6 35. Qf8+ 1-0